[Event "DEN-ch Blitz op"]
[Site "Avedore"]
[Date "2023.05.14"]
[Round "1"]
[White "Nielsen, Viktor Haarmark"]
[Black "Nielsen, Jan Mose"]
[Result "1-0"]
[WhiteElo "2328"]
[BlackElo "1993"]
[PlyCount "132"]
[EventDate "2023.05.14"]
[EventType "swiss (blitz)"]
[EventRounds "13"]
[EventCountry "DEN"]
[SourceTitle "CBM 214 Extra"]
[Source "ChessBase"]
[SourceDate "2023.07.31"]
[SourceVersion "1"]
[SourceVersionDate "2023.07.31"]
[SourceQuality "1"]

1. e4 c5 2. Nf3 d6 3. d4 cxd4 4. Nxd4 Nf6 5. f3 g6 6. c4 Bg7 7. Nc3 a6 8. Be3 Bd7 9. Be2 Nc6 10. 0-0 0-0 11. Qd2 Rc8 12. Rac1 Nxd4 13. Bxd4 Bc6 14. b4 Bd7 15. Rfd1 Be6 16. Nd5 Bxd5 17. exd5 Qd7 18. Re1 Rfe8 19. Bf1 h5 20. Kh1 Qf5 21. Bd3 Qd7 22. Bf1 h4 23. Qf4 Qa4 24. Qd2 Qd7 25. a3 Qf5 26. Bd3 Qh5 27. Qf4 h3 28. g4 Qh8 29. Rcd1 Nd7 30. Bxg7 Qxg7 31. Bf1 Ne5 32. c5 g5 33. Qe4 Qf6 34. Be2 dxc5 35. bxc5 Rxc5 36. Rf1 Rc3 37. f4 Nd7 38. fxg5 Qxg5 39. Rf5 Qe3 40. Qxe3 Rxe3 41. Bf1 f6 42. Rh5 Ne5 43. Rxh3 Rxh3 44. Bxh3 Kg7 45. Rb1 b5 46. g5 Rb8 47. Be6 Rb6 48. gxf6+ Kxf6 49. Rf1+ Kg7 50. Kg2 b4 51. axb4 Rxb4 52. Ra1 Rb2+ 53. Kg3 Rb3+ 54. Kf4 Kf6 55. Rxa6 Rf3+ 56. Ke4 Rf2 57. Bc8+ Kg7 58. Kxe5 Rxh2 59. Be6 Re2+ 60. Kd4 Rd2+ 61. Kc5 Kf6 62. Ra8 Rc2+ 63. Kb6 Ke5 64. Rf8 Rb2+ 65. Kc6 Rc2+ 66. Kd7 Ke4 1-0

[Event "NATO-ch 31st"]
[Site "Blankenberge"]
[Date "2021.10.11"]
[Round "1.41"]
[White "Ross, David C"]
[Black "Nielsen, Jan Mose"]
[Result "1/2-1/2"]
[WhiteElo "1673"]
[BlackElo "1981"]
[PlyCount "61"]
[EventDate "2021.10.11"]
[EventType "team-swiss"]
[EventRounds "7"]
[EventCountry "BEL"]
[SourceTitle "CBM 204 Extra"]
[Source "ChessBase"]
[SourceDate "2021.11.30"]
[SourceVersion "1"]
[SourceVersionDate "2021.11.30"]
[SourceQuality "1"]
[WhiteTeam "Great Britain"]
[BlackTeam "Denmark"]
[WhiteTeamCountry "GBR"]
[BlackTeamCountry "DEN"]

1. e4 g6 2. Nf3 Bg7 3. c3 d6 4. Bd3 Nd7 5. Bc2 b6 6. 0-0 Bb7 7. d4 h6 8. Re1 e6 9. Nbd2 Ne7 10. Nf1 a6 11. Be3 c6 12. Qd2 Qc7 13. c4 b5 14. cxb5 axb5 15. a4 Nb6 16. axb5 Rxa1 17. Rxa1 cxb5 18. Bd3 Bc6 19. Qc1 Qb7 20. N1d2 0-0 21. Nb3 Bxe4 22. Bxe4 Qxe4 23. Bxh6 Rc8 24. Qf4 Qd5 25. Bxg7 Kxg7 26. Ng5 e5 27. dxe5 dxe5 28. Qf3 Na4 29. h4 Qxf3 30. Nxf3 f6 31. Nbd2 1/2-1/2

[Event "Taastrup Winter 2nd"]
[Site "Taastrup"]
[Date "2017.01.10"]
[Round "5"]
[White "Nielsen, Jan Mose"]
[Black "Birk, Birger"]
[Result "1-0"]
[WhiteElo "2072"]
[BlackElo "1567"]
[PlyCount "33"]
[EventDate "2016.11.11"]
[EventType "swiss"]
[EventRounds "9"]
[EventCountry "DEN"]
[SourceTitle "EXT 2024"]
[Source "ChessBase"]
[SourceDate "2023.10.10"]
[SourceVersion "1"]
[SourceVersionDate "2023.10.10"]
[SourceQuality "1"]

1. e4 g6 2. d4 Bg7 3. c4 c5 4. Ne2 Nc6 5. d5 Nd4 6. Nxd4 cxd4 7. Bd3 e5 8. 0-0 d6 9. f4 f6 10. b4 Nh6 11. fxe5 fxe5 12. c5 Nf7 13. Bb5+ Ke7 14. Qf3 Rf8 15. a4 Bh6 16. Bxh6 Nxh6 17. cxd6+ 1-0

[Event "NATO-ch 27th"]
[Site "Shrivenham"]
[Date "2016.08.26"]
[Round "7"]
[White "Nielsen, Jan Mose"]
[Black "Mestek, Igor"]
[Result "1/2-1/2"]
[WhiteElo "2110"]
[BlackElo "2077"]
[PlyCount "45"]
[EventDate "2016.08.22"]
[EventType "swiss"]
[EventRounds "7"]
[EventCountry "ENG"]
[SourceTitle "EXT 2018"]
[Source "ChessBase"]
[SourceDate "2017.10.13"]
[SourceVersion "1"]
[SourceVersionDate "2017.10.13"]
[SourceQuality "1"]

1. d4 d5 2. Nf3 f5 3. c4 e6 4. Qc2 c6 5. Nc3 Nf6 6. Bg5 Be7 7. e3 Ne4 8. Bxe7 Kxe7 9. g4 g6 10. Rc1 Qa5 11. gxf5 exf5 12. Nd2 Nxc3 13. Qxc3 Qxc3 14. Rxc3 Be6 15. c5 Nd7 16. Bd3 b5 17. cxb6 axb6 18. Rxc6 Rxa2 19. Ke2 Rha8 20. b3 Rb2 21. Rhc1 Raa2 22. R6c2 Kd6 23. Rc6+ 1/2-1/2

[Event "Helsingor Xtracon op"]
[Site "Helsingor"]
[Date "2016.07.24"]
[Round "2"]
[White "Gretarsson, Hjorvar Steinn"]
[Black "Nielsen, Jan Mose"]
[Result "1-0"]
[WhiteElo "2550"]
[BlackElo "2110"]
[PlyCount "39"]
[EventDate "2016.07.23"]
[EventType "swiss"]
[EventRounds "10"]
[EventCountry "DEN"]
[SourceTitle "CBM 173 Extra"]
[Source "ChessBase"]
[SourceDate "2016.08.29"]
[SourceVersion "1"]
[SourceVersionDate "2016.08.29"]
[SourceQuality "1"]

1. c4 Nf6 2. Nc3 c5 3. g3 Nc6 4. Bg2 e6 5. Nf3 Be7 6. 0-0 0-0 7. d4 cxd4 8. Nxd4 e5 9. Nc2 d6 10. b3 Be6 11. Ba3 Qd7 12. Nd5 Rfd8 13. Qd2 Ne8 14. e4 Bf8 15. f4 f5 16. exf5 Bxf5 17. Nce3 Be6 18. fxe5 Nxe5 19. Rae1 Nf7 20. Nf4 1-0

[Event "Holbak Lovfald C"]
[Site "Holbak"]
[Date "2015.09.11"]
[Round "1"]
[White "Hansen, Lars Henrik Bech"]
[Black "Nielsen, Jan Mose"]
[Result "1/2-1/2"]
[WhiteElo "1976"]
[BlackElo "2024"]
[PlyCount "47"]
[EventDate "2015.09.11"]
[EventType "tourn"]
[EventRounds "5"]
[EventCountry "DEN"]
[SourceTitle "EXT 2024"]
[Source "ChessBase"]
[SourceDate "2023.10.10"]
[SourceVersion "1"]
[SourceVersionDate "2023.10.10"]
[SourceQuality "1"]

1. e4 c5 2. Nf3 Nc6 3. d4 cxd4 4. Nxd4 Nf6 5. Nc3 e5 6. Ndb5 d6 7. Nd5 Nxd5 8. exd5 Ne7 9. c4 Ng6 10. Be2 Be7 11. 0-0 0-0 12. Be3 a6 13. Nc3 f5 14. f3 Bg5 15. Qd2 h6 16. Kh1 Bd7 17. b4 Rc8 18. Rfc1 Qe7 19. a4 Bxe3 20. Qxe3 f4 21. Qd2 Nh4 22. Bd3 Nf5 23. Bxf5 Bxf5 24. Qe2 1/2-1/2